000 00461nam a22001697a 4500
008 220727b |||||||| |||| 00| 0 eng d
020 _a0071703128
050 _aHF5826.5
_b.S57 2010
100 _aSissors, Jack Z.
245 _aAdvertising Media Planning/
_cJack Z. Sissors
250 _a7th ed.
260 _aNew York
_bMcGrawHill
_c2010
300 _axiv, 480p.
650 _aAdvertising media planning
700 _aBaron, Roger B.
942 _2lcc
_cBK
999 _c19411
_d19410